000 00250nam a2200109Ia 4500
008 190216s9999||||xx |||||||||||||| ||und||
100 _aSimonov
245 0 _aThala Chorine Viswasikamo
260 _bBhasha Institute
650 _aZoology
942 _cBK
999 _c38043
_d38043